000
00244nam a2200109Ia 4500
008
230907s9999||||xx |||||||||||||| ||und||
082
_a
621.384
_b
RAP
245
0
_a
Wireless communications :
260
_c
2008
300
_a
709 p.
942
_c
BK
999
_c
600193
_d
600193